00411nam a2200169Ia 4500008004100000020001800041245003000059245003800089260001300127260001600140260000900156300001400165300002500179300001000204500000800214999001900222170705s9999 xx 000 0 und d a9781561485680 aCock-a-doodle-hooooooo! / cMick Manning and Brita Granstrom. aLondon : bGood Books, c2007 aunpaged : bcolor illustration ; c24cm. a400 c336938d336938